| 000 | 00332 a2200121 4500 | ||
|---|---|---|---|
| 001 | 33964 | ||
| 082 | _a920.092 RIC | ||
| 090 |
_c22524 _d22524 |
||
| 100 | _aStrother, S. C. | ||
| 245 |
_aLeaders; meetings of the President Nixon with other great leaders [urdu] _hUrdu |
||
| 260 |
_aLahore _bTakhleeqat Pub _c2001 |
||
| 300 | _a367p | ||
| 942 |
_aNUST-CAE _k920.092 RIC |
||
| 999 |
_c269037 _d269037 |
||